[Event "ISR-chT"]
[Site "Israel"]
[Date "2005.05.06"]
[Round "9"]
[White "Blodstein, Arkady"]
[Black "Roiz, Michael"]
[Result "0-1"]
[WhiteElo "2310"]
[BlackElo "2579"]
[PlyCount "70"]
[EventDate "2005.01.08"]
[EventType "team"]
[EventRounds "11"]
[EventCountry "ISR"]
[SourceTitle "CBM 107"]
[Source "ChessBase"]
[SourceDate "2005.08.01"]
[SourceVersion "1"]
[SourceVersionDate "2005.08.01"]
[SourceQuality "1"]

1. c4 e6 2. Nf3 Nf6 3. b3 g6 4. Bb2 Bg7 5. g3 b6 6. Bg2 Bb7 7. 0-0 0-0 8. d3 c5 9. Nbd2 Nc6 10. a3 Re8 11. Qb1 a5 12. Rd1 Qe7 13. d4 Rab8 14. e4 d5 15. exd5 exd5 16. Re1 Qf8 17. Qc2 cxd4 18. Nxd4 Qc5 19. Nxc6 Bxc6 20. h3 b5 21. b4 axb4 22. axb4 Qxb4 23. Rxe8+ Rxe8 24. cxd5 Bxd5 25. Bxd5 Nxd5 26. Qc6 Rd8 27. Ra8 Rxa8 28. Qxa8+ Bf8 29. Qxd5 Qxb2 30. Nb3 Qe2 31. Nd4 Qd3 32. Qd8 b4 33. Qb6 h5 34. h4 Qc4 35. Kh2 Qd5 0-1

[Event "ISR-chT"]
[Site "Israel"]
[Date "2002.03.15"]
[Round "7"]
[White "Yiftach, Daniel"]
[Black "Blodstein, Arkady"]
[Result "1/2-1/2"]
[WhiteElo "2078"]
[BlackElo "2316"]
[PlyCount "88"]
[EventDate "2002.01.10"]
[EventType "team"]
[EventRounds "11"]
[EventCountry "ISR"]
[SourceTitle "EXT 2003"]
[Source "ChessBase"]
[SourceDate "2002.11.25"]
[SourceVersion "1"]
[SourceVersionDate "2002.11.25"]
[SourceQuality "1"]

1. e4 c5 2. Nf3 Nc6 3. d4 cxd4 4. Nxd4 g6 5. Nxc6 bxc6 6. Qd4 Nf6 7. e5 Nd5 8. e6 Nf6 9. exf7+ Kxf7 10. Bd3 Bg7 11. 0-0 Qb6 12. Qh4 Re8 13. Nd2 e5 14. Nc4 Qc7 15. Bg5 h6 16. Bxf6 Bxf6 17. Qg3 g5 18. Ne3 d5 19. c4 Be6 20. cxd5 cxd5 21. Bf5 Qd7 22. Qh3 d4 23. Qh5+ Ke7 24. Bxe6 Qxe6 25. Ng4 Bg7 26. f3 Rac8 27. Rfe1 Kf8 28. Nf2 Rc2 29. b3 Qf5 30. Ne4 Re6 31. b4 Kg8 32. Nc5 Re7 33. Re4 a5 34. a3 Rc3 35. Ree1 Rc4 36. Ne4 Rcc7 37. h4 Bf8 38. b5 a4 39. Rab1 Rg7 40. b6 Rb7 41. Rec1 Qg6 42. Qxg6 Rxg6 43. hxg5 hxg5 44. Rc4 Rbxb6 1/2-1/2

[Event "ISR-chT"]
[Site "Israel"]
[Date "2002.03.02"]
[Round "5"]
[White "Kaganskiy, Gleb"]
[Black "Blodstein, Arkady"]
[Result "1-0"]
[WhiteElo "2331"]
[BlackElo "2316"]
[PlyCount "73"]
[EventDate "2002.01.10"]
[EventType "team"]
[EventRounds "11"]
[EventCountry "ISR"]
[SourceTitle "EXT 2003"]
[Source "ChessBase"]
[SourceDate "2002.11.25"]
[SourceVersion "1"]
[SourceVersionDate "2002.11.25"]
[SourceQuality "1"]

1. d4 Nf6 2. c4 c5 3. Nf3 g6 4. Nc3 Bg7 5. e4 d6 6. Be2 Bg4 7. dxc5 Qa5 8. Bd2 Qxc5 9. Rc1 0-0 10. b4 Qc8 11. 0-0 Nbd7 12. Nd5 Re8 13. h3 Be6 14. Bd3 Ne5 15. Nxe5 dxe5 16. Qf3 Qd7 17. Bc3 Nh5 18. Rfd1 Bxd5 19. cxd5 Rac8 20. Bd2 Qa4 21. Bc4 Bf6 22. Bb3 Qd7 23. Be3 a6 24. Rc5 b6 25. Rxc8 Rxc8 26. Bxb6 Nf4 27. Be3 Rc3 28. Rc1 Rxc1+ 29. Bxc1 Qb5 30. Bd2 Ne2+ 31. Kh2 Nd4 32. Qc3 Qf1 33. Bh6 Qg1+ 34. Kxg1 Ne2+ 35. Kf1 Nxc3 36. f3 g5 37. a4 1-0

[Event "ISR-chT"]
[Site "Israel"]
[Date "2002.01.12"]
[Round "1"]
[White "Haimovich, Tal"]
[Black "Blodstein, Arkady"]
[Result "1/2-1/2"]
[WhiteElo "2327"]
[BlackElo "2316"]
[PlyCount "20"]
[EventDate "2002.01.10"]
[EventType "team"]
[EventRounds "11"]
[EventCountry "ISR"]
[SourceTitle "EXT 2003"]
[Source "ChessBase"]
[SourceDate "2002.11.25"]
[SourceVersion "1"]
[SourceVersionDate "2002.11.25"]
[SourceQuality "1"]

1. e4 c5 2. Nf3 Nc6 3. Nc3 g6 4. Bb5 Bg7 5. 0-0 d6 6. Re1 Bd7 7. d3 Nf6 8. Bxc6 Bxc6 9. e5 dxe5 10. Nxe5 Rc8 1/2-1/2

[Event "ISR-chT"]
[Site "Israel"]
[Date "1997.??.??"]
[Round "1"]
[White "Haimovich, Tal"]
[Black "Blodstein, Arkady"]
[Result "0-1"]
[WhiteElo "2275"]
[BlackElo "2330"]
[PlyCount "109"]
[EventDate "1997.??.??"]
[EventType "team"]
[EventRounds "11"]
[EventCountry "ISR"]
[SourceTitle "CBM 058 Extra"]
[Source "ChessBase"]
[SourceDate "1997.07.29"]
[SourceVersion "1"]
[SourceVersionDate "1997.07.29"]
[SourceQuality "1"]

1. d4 Nf6 2. c4 c5 3. d5 g6 4. Nc3 Bg7 5. e4 d6 6. Bd3 0-0 7. Nge2 e6 8. dxe6 Bxe6 9. 0-0 Nc6 10. b3 Ng4 11. f3 Nge5 12. Bc2 Nd4 13. Be3 Nec6 14. Rc1 a6 15. Kh1 Re8 16. Qd2 Qa5 17. Bd3 b5 18. Nf4 Ne5 19. Nxe6 Rxe6 20. f4 Nxd3 21. Qxd3 Rae8 22. Rfe1 b4 23. Bxd4 Bxd4 24. Nd5 f5 25. e5 Qd8 26. Nxb4 dxe5 27. Nd5 exf4 28. Rxe6 Rxe6 29. Nxf4 Re4 30. Rf1 Qd6 31. Nd5 Kg7 32. g3 Qe5 33. Qf3 h5 34. a3 Re1 35. Rxe1 Qxe1+ 36. Kg2 Qd2+ 37. Kh1 Qc1+ 38. Kg2 Qb2+ 39. Kh1 Qxa3 40. Nf4 Qa1+ 41. Kg2 Qb2+ 42. Kh1 Qc1+ 43. Kg2 Qc2+ 44. Kh3 Qe4 45. Qxe4 fxe4 46. g4 hxg4+ 47. Kxg4 Kf6 48. Nd5+ Ke5 49. Ne7 Be3 50. Nxg6+ Kd4 51. Ne7 Kd3 52. Nf5 Bf2 53. Nd6 e3 54. Kf3 Bg1 55. Nf7 0-1

[Event "ISR-chT"]
[Site "Israel"]
[Date "1996.??.??"]
[Round "6"]
[White "Blodstein, Arkady"]
[Black "Haimovich, Tal"]
[Result "1/2-1/2"]
[WhiteElo "2365"]
[BlackElo "2275"]
[PlyCount "103"]
[EventDate "1996.??.??"]
[EventType "team"]
[EventRounds "11"]
[EventCountry "ISR"]
[SourceTitle "CBM 052 Extra"]
[Source "ChessBase"]
[SourceDate "1996.07.01"]
[SourceVersion "1"]
[SourceVersionDate "1996.07.01"]
[SourceQuality "1"]

1. c4 e6 2. Nf3 Nf6 3. g3 d5 4. b3 Be7 5. Bg2 0-0 6. 0-0 d4 7. e3 c5 8. exd4 cxd4 9. Ba3 Nc6 10. Re1 Re8 11. d3 Bd7 12. Qd2 Qc7 13. Bxe7 Rxe7 14. b4 a6 15. Na3 e5 16. b5 axb5 17. Nxb5 Qd8 18. Rab1 Bf5 19. Nh4 Be6 20. Rb2 Ra6 21. c5 Nd7 22. Rc1 h6 23. Be4 Nf6 24. Bg2 Qa5 25. Qxa5 Rxa5 26. a3 Nd8 27. f4 exf4 28. gxf4 Bd7 29. Nxd4 Rxa3 30. Nhf5 Bxf5 31. Nxf5 Rc7 32. d4 Ra4 33. Rd1 g6 34. Nd6 Ne6 35. Rbd2 Nxf4 36. Bxb7 Rxd4 37. Rxd4 Ne2+ 38. Kg2 Nxd4 39. Rxd4 Rxc5 40. Rf4 Rc2+ 41. Kh3 Kg7 42. Bf3 Rb2 43. Kg3 Rb3 44. Ra4 Rd3 45. Ra6 h5 46. Kf2 Rd2+ 47. Kg1 Rd3 48. Be2 Rd2 49. Kf1 Ng4 50. Ke1 Rb2 51. Nc4 Rb1+ 52. Kd2 1/2-1/2

[Event "Tel Aviv Cup rapid"]
[Site "Tel Aviv"]
[Date "1996.??.??"]
[Round "2"]
[White "Har Zvi, Ronen"]
[Black "Blodstein, Arkady"]
[Result "1-0"]
[WhiteElo "2510"]
[BlackElo "2365"]
[PlyCount "36"]
[EventDate "1996.??.??"]
[EventType "k.o. (rapid)"]
[EventRounds "6"]
[EventCountry "ISR"]
[SourceTitle "CBM 052 Extra"]
[Source "ChessBase"]
[SourceDate "1996.07.01"]
[SourceVersion "1"]
[SourceVersionDate "1996.07.01"]
[SourceQuality "1"]

1. d4 Nf6 2. Nf3 c5 3. d5 d6 4. c4 e6 5. Nc3 exd5 6. cxd5 g6 7. e4 Bg7 8. h3 0-0 9. Bd3 b5 10. Nxb5 Nxe4 11. Bxe4 Re8 12. Ng5 Ba6 13. a4 Bf6 14. Ne6 Qb6 15. 0-0 Nd7 16. Nec7 Bxb5 17. Nxa8 Qb8 18. axb5 Rxe4 1-0

[Event "Voskresensk2"]
[Site "Voskresensk"]
[Date "1993.??.??"]
[Round "?"]
[White "Blodstein, Arkady"]
[Black "Fedorov, Alexei"]
[Result "1/2-1/2"]
[WhiteElo "2370"]
[BlackElo "2490"]
[PlyCount "39"]
[EventDate "1993.??.??"]
[EventType "tourn"]
[EventRounds "11"]
[EventCountry "RUS"]
[EventCategory "6"]
[SourceTitle "CBM 038 Extra"]
[Source "ChessBase"]
[SourceDate "1994.03.01"]
[SourceVersion "1"]
[SourceVersionDate "1994.03.01"]
[SourceQuality "1"]

1. e4 c5 2. Nf3 d6 3. d4 cxd4 4. Nxd4 Nf6 5. Nc3 g6 6. Bg5 Bg7 7. Bb5+ Bd7 8. Qe2 0-0 9. 0-0-0 Qa5 10. Kb1 a6 11. Bxd7 Qxg5 12. h4 Qa5 13. Bh3 Nc6 14. Nb3 Qc7 15. f4 b5 16. Nd5 Nxd5 17. exd5 Na5 18. Nxa5 Qxa5 19. Qd2 Qxd2 20. Rxd2 1/2-1/2

[Event "Voskresensk2"]
[Site "Voskresensk"]
[Date "1993.??.??"]
[Round "?"]
[White "Blodstein, Arkady"]
[Black "Mesropov, Konstantin Eduard"]
[Result "1/2-1/2"]
[WhiteElo "2370"]
[BlackElo "2370"]
[PlyCount "122"]
[EventDate "1993.??.??"]
[EventType "tourn"]
[EventRounds "11"]
[EventCountry "RUS"]
[EventCategory "6"]
[SourceTitle "CBM 038 Extra"]
[Source "ChessBase"]
[SourceDate "1994.03.01"]
[SourceVersion "1"]
[SourceVersionDate "1994.03.01"]
[SourceQuality "1"]

1. e4 e6 2. d4 d5 3. Nd2 Nf6 4. Bd3 c5 5. e5 Nfd7 6. c3 Nc6 7. Ne2 cxd4 8. cxd4 f6 9. exf6 Nxf6 10. 0-0 Bd6 11. Nf3 Qc7 12. Bd2 0-0 13. Ng3 e5 14. dxe5 Nxe5 15. Nxe5 Bxe5 16. Qb3 Bd7 17. Bc3 Bxc3 18. Rac1 Qf4 19. Rxc3 Bc6 20. Bb5 Bxb5 21. Qxb5 Rf7 22. h3 g6 23. Rd1 Raf8 24. Rf3 Qc4 25. Qxc4 dxc4 26. Rd4 b5 27. a4 Rb7 28. axb5 Rxb5 29. Rxc4 Rxb2 30. Rcf4 Nd7 31. Rxf8+ Nxf8 32. Ra3 Rb7 33. Ne4 Ne6 34. Nd6 Rd7 35. Nb5 Rd1+ 36. Kh2 Rd2 37. Kg3 Nd4 38. Nxd4 Rxd4 39. Rxa7 h5 40. f4 Rb4 41. Rc7 Ra4 42. Kf3 Rb4 43. Rd7 Rc4 44. Ke3 Ra4 45. f5 gxf5 46. Rd5 Kg7 47. Rxf5 Kg6 48. Re5 Rb4 49. Kf3 Ra4 50. Re4 Ra2 51. Rd4 Kf5 52. Kg3 Rb2 53. Rd5+ Kg6 54. Rd6+ Kg7 55. Kf3 Ra2 56. Re6 Rb2 57. h4 Ra2 58. g3 Ra4 59. Re4 Ra3+ 60. Kf4 Kf6 61. Rd4 Ra6 1/2-1/2

[Event "Voskresensk2"]
[Site "Voskresensk"]
[Date "1993.??.??"]
[Round "?"]
[White "Kasimdzhanov, Rustam"]
[Black "Blodstein, Arkady"]
[Result "0-1"]
[WhiteElo "2360"]
[BlackElo "2370"]
[PlyCount "68"]
[EventDate "1993.??.??"]
[EventType "tourn"]
[EventRounds "11"]
[EventCountry "RUS"]
[EventCategory "6"]
[SourceTitle "CBM 038 Extra"]
[Source "ChessBase"]
[SourceDate "1994.03.01"]
[SourceVersion "1"]
[SourceVersionDate "1994.03.01"]
[SourceQuality "1"]

1. e4 c5 2. Nc3 Nc6 3. Nge2 g6 4. d4 cxd4 5. Nxd4 Bg7 6. Be3 Nf6 7. Bc4 0-0 8. Bb3 d6 9. f3 Bd7 10. h4 h5 11. Qd2 Rc8 12. 0-0-0 Ne5 13. Bh6 Bxh6 14. Qxh6 Rxc3 15. bxc3 Qc7 16. Qd2 a5 17. a3 Qc5 18. Kb2 Qb6 19. Ka1 Qc5 20. Qc1 Qxc3+ 21. Qb2 Qc5 22. Rhe1 Ra8 23. f4 Neg4 24. Nf3 Ne3 25. Ng5 Be8 26. Rd2 a4 27. Ba2 Ra6 28. c3 Rb6 29. Qc1 Nfg4 30. e5 d5 31. Rd4 Qxa3 32. Rb4 Rxb4 33. cxb4 Qd3 34. Qc8 Qd4+ 0-1

[Event "Pardubice op"]
[Site "Pardubice"]
[Date "1992.??.??"]
[Round "8"]
[White "Blodstein, Arkady"]
[Black "Hracek, Zbynek"]
[Result "1/2-1/2"]
[WhiteElo "2375"]
[BlackElo "2480"]
[PlyCount "71"]
[EventDate "1992.07.??"]
[EventType "swiss"]
[EventRounds "9"]
[EventCountry "CZE"]
[SourceTitle "EXT 2000"]
[Source "ChessBase"]
[SourceDate "1999.11.16"]
[SourceVersion "1"]
[SourceVersionDate "1999.11.16"]
[SourceQuality "1"]

1. c4 Nf6 2. Nf3 b6 3. g3 Bb7 4. Bg2 e6 5. 0-0 Be7 6. b3 0-0 7. Bb2 d5 8. d3 Nbd7 9. Re1 c5 10. e3 Qc7 11. Qe2 Rad8 12. Nbd2 Rfe8 13. Rad1 Bf8 14. Nf1 e5 15. cxd5 Nxd5 16. a3 Nb8 17. Qc2 Nc6 18. Qb1 a5 19. N1d2 g6 20. Rc1 Bg7 21. Red1 Qb8 22. Nc4 Bc8 23. Qa1 f6 24. h3 Be6 25. Kh2 Re7 26. Qb1 Bf7 27. Ncd2 Red7 28. Ba1 Kh8 29. Nc4 Nde7 30. Ne1 Bd5 31. Bxd5 Rxd5 32. Nd2 Qb7 33. Qc2 R5d7 34. Qc4 Nd5 35. Ne4 Nce7 36. Qc2 1/2-1/2

[Event "Pardubice op"]
[Site "Pardubice"]
[Date "1992.??.??"]
[Round "5"]
[White "Blodstein, Arkady"]
[Black "Rublevsky, Sergei"]
[Result "0-1"]
[WhiteElo "2375"]
[BlackElo "2535"]
[PlyCount "84"]
[EventDate "1992.07.??"]
[EventType "swiss"]
[EventRounds "9"]
[EventCountry "CZE"]
[SourceTitle "EXT 2000"]
[Source "ChessBase"]
[SourceDate "1999.11.16"]
[SourceVersion "1"]
[SourceVersionDate "1999.11.16"]
[SourceQuality "1"]

1. e4 c5 2. Nc3 Nc6 3. Nge2 e6 4. d4 cxd4 5. Nxd4 Qc7 6. Be3 a6 7. Qd2 Nf6 8. f3 Ne5 9. Bf4 b5 10. Ndxb5 axb5 11. Nxb5 Qb8 12. Qc3 Nd3+ 13. Bxd3 Qxf4 14. Nc7+ Kd8 15. Nxa8 Qe3+ 16. Be2 Qa7 17. b4 Qxa8 18. 0-0 Qb8 19. Rab1 Bd6 20. g3 Bxg3 21. hxg3 Qxg3+ 22. Kh1 Qh3+ 23. Kg1 Qg3+ 24. Kh1 Ng4 25. Qxc8+ Kxc8 26. fxg4 Qh3+ 27. Kg1 Qg3+ 28. Kh1 h5 29. gxh5 Qh3+ 30. Kg1 Qg3+ 31. Kh1 g6 32. Rb3 Qh4+ 33. Kg2 gxh5 34. Kf3 Qg5 35. Rc3+ Kd8 36. Rc4 Qd2 37. a3 Rh6 38. e5 h4 39. Rf2 h3 40. Bd1 Qxd1+ 41. Kg3 Rg6+ 42. Kh2 Rg4 0-1

[Event "Tashkent"]
[Site "Tashkent"]
[Date "1992.??.??"]
[Round "?"]
[White "Blodstein, Arkady"]
[Black "Serper, Grigory"]
[Result "0-1"]
[WhiteElo "2375"]
[BlackElo "2575"]
[PlyCount "130"]
[EventDate "1992.??.??"]
[EventType "tourn"]
[EventRounds "11"]
[EventCountry "URS"]
[EventCategory "8"]
[SourceTitle "EXT 1997"]
[Source "ChessBase"]
[SourceDate "1996.11.15"]
[SourceVersion "1"]
[SourceVersionDate "1996.11.15"]
[SourceQuality "1"]

1. e4 c5 2. Nf3 d6 3. d4 cxd4 4. Nxd4 Nf6 5. Nc3 Nc6 6. Bg5 e6 7. Qd2 a6 8. 0-0-0 h6 9. Bf4 Bd7 10. Nxc6 Bxc6 11. Qe1 Be7 12. f3 Qc7 13. e5 dxe5 14. Bxe5 Qb6 15. Bc4 0-0 16. Bd4 Qc7 17. Be5 Qb6 18. Bd4 Qb4 19. Bb3 Rad8 20. Qf2 Rd7 21. Rd3 Rfd8 22. Rhd1 Qd6 23. f4 Qb8 24. h3 b5 25. g4 b4 26. Na4 Bb5 27. Bxf6 Rxd3 28. Rxd3 Bxf6 29. Rxd8+ Qxd8 30. c4 Bc6 31. Nc5 a5 32. Qe3 Qb8 33. Qf2 a4 34. Bc2 b3 35. axb3 axb3 36. Be4 Qb4 37. Bxc6 Qxc4+ 38. Kd1 Bd4 39. Qe2 Qxc5 40. Ba4 Qd5 41. Qd3 Qh1+ 42. Ke2 Qg2+ 43. Kd1 Qg1+ 44. Ke2 Qf2+ 45. Kd1 Qxf4 46. Bxb3 Bxb2 47. Ke2 Qh2+ 48. Kf1 Qh1+ 49. Kf2 Bd4+ 50. Ke2 Qg2+ 51. Kd1 Qg1+ 52. Kd2 Qf2+ 53. Kd1 Be3 54. Bc2 Qf3+ 55. Ke1 g6 56. Qe2 Qxh3 57. Be4 Qg3+ 58. Kd1 Qg1+ 59. Kc2 Qc1+ 60. Kb3 Bd4 61. Qd3 Bg7 62. Qc2 Qf4 63. Qe2 Be5 64. Kc2 Kg7 65. Kd3 Kf6 0-1

[Event "Tashkent"]
[Site "Tashkent"]
[Date "1992.??.??"]
[Round "?"]
[White "Blodstein, Arkady"]
[Black "Zagrebelny, Sergey"]
[Result "1-0"]
[WhiteElo "2375"]
[BlackElo "2440"]
[PlyCount "99"]
[EventDate "1992.??.??"]
[EventType "tourn"]
[EventRounds "11"]
[EventCountry "URS"]
[EventCategory "8"]
[SourceTitle "EXT 1997"]
[Source "ChessBase"]
[SourceDate "1996.11.15"]
[SourceVersion "1"]
[SourceVersionDate "1996.11.15"]
[SourceQuality "1"]

1. e4 c5 2. Nc3 Nc6 3. Nge2 d6 4. d4 cxd4 5. Nxd4 e6 6. g4 Nxd4 7. Qxd4 Ne7 8. Be3 Nc6 9. Qd2 a6 10. 0-0-0 Be7 11. Kb1 0-0 12. g5 b5 13. h4 b4 14. Na4 Rb8 15. f4 Qa5 16. b3 d5 17. Qf2 dxe4 18. Bb6 Qf5 19. Bh3 Qb5 20. Bf1 Qf5 21. Bh3 Qb5 22. Rhe1 f6 23. Bf1 Qf5 24. Bg2 fxg5 25. Bxe4 Qxf4 26. Qg2 Ne5 27. Bc7 Rb5 28. Bc6 Qg4 29. Bxe5 Qxg2 30. Bxg2 gxh4 31. Bc6 Rxe5 32. Rxe5 Bf6 33. Ree1 e5 34. Nb6 Bg4 35. Nd7 Bxd7 36. Rxd7 h5 37. Bd5+ Kh8 38. Bf3 e4 39. Bxh5 Kh7 40. Rxe4 Kh6 41. Re8 Rxe8 42. Bxe8 Kg5 43. Rd3 Kf4 44. Bd7 g5 45. Rd6 Bc3 46. Rxa6 g4 47. a3 g3 48. axb4 Be1 49. Rg6 Kf3 50. b5 1-0

[Event "Tashkent"]
[Site "Tashkent"]
[Date "1992.??.??"]
[Round "?"]
[White "Nadyrhanov, Sergey"]
[Black "Blodstein, Arkady"]
[Result "1/2-1/2"]
[WhiteElo "2445"]
[BlackElo "2375"]
[PlyCount "27"]
[EventDate "1992.??.??"]
[EventType "tourn"]
[EventRounds "11"]
[EventCountry "URS"]
[EventCategory "8"]
[SourceTitle "EXT 1997"]
[Source "ChessBase"]
[SourceDate "1996.11.15"]
[SourceVersion "1"]
[SourceVersionDate "1996.11.15"]
[SourceQuality "1"]

1. e4 c5 2. Nf3 Nc6 3. Bb5 g6 4. 0-0 Bg7 5. c3 Nf6 6. Re1 0-0 7. h3 e5 8. d4 cxd4 9. cxd4 exd4 10. e5 Nd5 11. Na3 d6 12. Bxc6 bxc6 13. Nxd4 Bb7 14. Nc4 1/2-1/2

[Event "Tashkent"]
[Site "Tashkent"]
[Date "1992.??.??"]
[Round "?"]
[White "Safin, Shukhrat"]
[Black "Blodstein, Arkady"]
[Result "1-0"]
[WhiteElo "2450"]
[BlackElo "2375"]
[PlyCount "69"]
[EventDate "1992.??.??"]
[EventType "tourn"]
[EventRounds "11"]
[EventCountry "URS"]
[EventCategory "8"]
[SourceTitle "EXT 1997"]
[Source "ChessBase"]
[SourceDate "1996.11.15"]
[SourceVersion "1"]
[SourceVersionDate "1996.11.15"]
[SourceQuality "1"]

1. d4 d5 2. c4 c6 3. Nf3 Nf6 4. e3 Bf5 5. cxd5 cxd5 6. Qb3 Qc8 7. Nc3 e6 8. Qa4+ Nc6 9. Ne5 Nd7 10. Nxc6 bxc6 11. Ba6 Qc7 12. b3 Nb6 13. Qa5 Qd6 14. Bd2 Rb8 15. Na4 Nxa4 16. Qxa4 Rb6 17. Be2 Qa3 18. Qxa3 Bxa3 19. Ba5 Rb8 20. Kd2 Kd7 21. g4 Bg6 22. h4 h5 23. g5 Be4 24. f3 Bg6 25. Ba6 Rhe8 26. f4 Be4 27. Rhe1 g6 28. Kc3 c5 29. dxc5 Bxc5 30. a4 Kd6 31. b4 Bb6 32. Bxb6 Rxb6 33. b5 e5 34. fxe5+ Kxe5 35. Rad1 1-0

[Event "URS Trade Unions"]
[Site "Kherson"]
[Date "1990.??.??"]
[Round "?"]
[White "Blodstein, Arkady"]
[Black "Zarubin, Pavel"]
[Result "1/2-1/2"]
[WhiteElo "2375"]
[BlackElo "2375"]
[PlyCount "48"]
[EventDate "1990.??.??"]
[EventType "swiss"]
[EventRounds "9"]
[EventCountry "URS"]
[SourceTitle "EXT 1997"]
[Source "ChessBase"]
[SourceDate "1996.11.15"]
[SourceVersion "1"]
[SourceVersionDate "1996.11.15"]
[SourceQuality "1"]

1. e4 e5 2. Nf3 d6 3. d4 Nf6 4. Nc3 Nbd7 5. Be2 g6 6. 0-0 Bg7 7. Re1 0-0 8. Bf1 exd4 9. Nxd4 Re8 10. Nb3 b6 11. Bg5 h6 12. Bh4 Bb7 13. f3 a6 14. Qd2 Qb8 15. a4 Kh7 16. Rad1 Nc5 17. Bc4 Nxb3 18. Bxb3 Re7 19. Qd3 Qe8 20. Kh1 Rb8 21. Bc4 Ra8 22. b3 Re5 23. Bg3 Re7 24. Bh4 Re5 1/2-1/2